Statistics for League of Legends Champion English Voice Lines

Click here to take the quiz!

General Stats

  • This quiz has been taken 44 times
  • The average score is 12 of 30

Answer Stats

HintAnswer% Correct
Sometimes, the stars gaze back.Aurelion Sol
71%
Gaen Na Kyri Vi.Karma
69%
Guns don't kill people. I mean, until you shoot 'em. Then they kill everything!Jinx
64%
Sorye ge ton!Yasuo
64%
I am doom!Aatrox
57%
The magic, it calls to me!Veigar
57%
Bring down the hammer.Jayce
55%
For every city that falls, we build ten. For each life we take, a thousand void spawn.Bel'Veth
52%
High above the rotten rows. Cloth and metal. Teeth and crows.Fiddlesticks
52%
Shoo shoo? Bahnah!Gnar
52%
What'd you say 'bout my momma?Sett
52%
Like fish in a barrel.Graves
48%
We never release our bite, even if the blood chokes us.Naafiri
48%
The memories I stitch here will be my own.Gwen
43%
I am pure. My work is pure.Jhin
43%
A stain! Mama worked so hard on this poncho!Milio
43%
Don't stare directly at me for too long.Leona
40%
I am being me and doing... me things. Not suspicious.Neeko
40%
The gun doesn't have a trigger—I do.Senna
40%
The sunshine tastes so good today.Ivern
31%
I am anointed in the fire of absolution!Kayle
31%
Yoink.Draven
29%
Magic is in the heart. Magic is in the rhythm.Rakan
26%
When one hunt ends, another begins.K'Sante
21%
Oh, I knew you was all yeller!Kled
19%
In an instant, all could be gone.Ryze
19%
The surreal makes people admit what's real.Hwei
17%
Utora!Bard
14%
Everyone's got a million apologies in 'em.Pyke
12%
My archa-memenasis!Smolder
12%

Score Distribution

Percentile by Number Answered

Percent of People with Each Score

Your Score History

You have not taken this quiz